00493nam a2200157Ia 4500008004100000082001000041245002500051250000600076260004500082300000800127630002500135730002500160942000900185999001900194952012200213090124s9999 xx 000 0 und d b35446 a अशी भेट a1 bभावे ऊर्मिलाc2008 a240 a अशी भेट a अशी भेट cBOOK c200496d200496 00104070aTHNMGSbTHNMGSd0000-00-00g220.00l0o35446pTHNMGS-35446r2009-01-24 00:00:00v220.00w2009-01-24yBOOK